Oceňování majetku

Význam a úlohy oceňovania hmotného majetku. Teoretické a praktické riešenie problematiky oceňovania majetku rôzneho typu na VŠE formou výskumu. Modely oceňovania hmotného majetku. Pri VŠE bol v r. 1993 založený Inštitút oceňovania majetku.

Gespeichert in:
Bibliographische Detailangaben
1. Verfasser: Drozen, František
Format: Buchkapitel
Sprache:Tschechisch
Schlagworte:
Tags: Tag hinzufügen
Keine Tags, Fügen Sie das erste Tag hinzu!

MARC

LEADER 00000naa a2200000 4500
001 r021673
005 20230922102131.2
041 0 |a cze 
044 |a CZ 
245 1 0 |a Oceňování majetku  |c František Drozen 
520 |a Význam a úlohy oceňovania hmotného majetku. Teoretické a praktické riešenie problematiky oceňovania majetku rôzneho typu na VŠE formou výskumu. Modely oceňovania hmotného majetku. Pri VŠE bol v r. 1993 založený Inštitút oceňovania majetku. 
610 2 0 |a oceňovanie 
610 2 0 |a majetok hmotný 
610 2 0 |a hnuteľnosti 
610 2 0 |a Česko 
610 2 0 |a 1990-1995 
610 2 0 |a modely 
610 2 0 |a výskum 
610 2 0 |a Vysoká škola ekonomická v Prahe 
100 1 |a Drozen, František